Most Popular Songs in USA 5/3/2025 - Statistics

General Stats
  • This quiz has been taken 8 times
  • The average score is 8 of 15
Answer Stats
Rank Artist (Version) Answer Streams Radio Airplay Sales % Correct
12. Doechii Anxiety 12.7 Million 46.4 Million 5 Thousand
100%
5. Shaboozey A Bar Song (Tipsy) 16.7 Million 44.3 Million 2.5 Thousand
88%
1. Kendrick Lamar, SZA Luther 22.1 Million 68.1 Million 2 Thousand
88%
2. Bruno Mars, Lady GaGa Die With A Smile 17.4 Million 59.6 Million 3 Thousand
75%
4. Drake Nokia 20 Million 26.7 Million 3 Thousand
63%
3. Alex Warren Ordinary 21.2 Million 17.5 Million 7 Thousand
63%
10. Benson Boone Beautiful Things 16.1 Million 35.1 Million 3.5 Thousand
50%
13. Billie Eilish Birds Of A Feather 13.4 Million 36.1 Million 1.5 Thousand
50%
15. Post Malone, Morgan Wallen I Had Some Help 13.5 Million 30.7 Million 1 Thousand
50%
9. Teddy Swims Lose Control 17.4 Million 33.7 Million 3 Thousand
50%
6. Chappell Roan Pink Pony Club 14.5 Million 45.9 Million 5.5 Thousand
50%
11. BigXthaPlug, Bailey Zimmerman All The Way 20.7 Million 0.7 Million 2.5 Thousand
13%
8. Morgan Wallen, Post Malone I Ain't Coming Back 19.9 Million 2.9 Million 6 Thousand
13%
7. Morgan Wallen I'm The Problem 17.4 Million 32.1 Million 3.5 Thousand
13%
14. Morgan Wallen Just In Case 17.6 Million 8.5 Million 2.5 Thousand
13%
No matching quizzes found
Score Distribution
Percent of People with Each Score
Percentile by Number Answered
Your Score History
You have not taken this quiz